FIFA World Cup Nations That Start with S - Statistics

General Stats
  • This quiz has been taken 57 times
  • The average score is 10 of 12
Answer Stats
Years played Answer % Correct
1934, 1950, 1962, 1966, 1978, 1982, 1986, 1990, 1994, 1998, 2002, 2006, 2010, 2014, 2018, and 2022 Spain
96%
1998, 2002, and 2010 South Africa
94%
1954, 1986, 1990, 1994, 1998, 2002, 2006, 2010, 2014, 2018, and 2022 South Korea
94%
1934, 1950, 1958, 1970, 1974, 1978, 1990, 1994, 2002, 2006, and 2018 Sweden
92%
2010, 2018 and 2022 Serbia
86%
2006 Serbia & Montenegro
86%
2010 Slovakia
86%
2002 and 2010 Slovenia
86%
1934, 1938, 1950, 1954, 1962, 1966, 1994, 2006, 2010, 2014, 2018, and 2022 Switzerland
86%
1994, 1998, 2002, 2006, 2018, 2022, and 2034 Saudi Arabia
84%
2002, 2018 and 2022 Senegal
84%
1954, 1958, 1974, 1978, 1982, 1986, 1990, and 1998 Scotland
56%
No matching quizzes found
Score Distribution
Percent of People with Each Score
Percentile by Number Answered
Your Score History
You have not taken this quiz